| 000 | 00628cam a2200193 4500 | ||
|---|---|---|---|
| 001 | BIIH006602 | ||
| 008 | 1973 spa | ||
| 035 | _aBIIH006602 | ||
| 050 | 4 |
_aHD326 _b.N45 N46 1976 |
|
| 245 | 0 |
_aNeolatifundismo y explotación de Emiliano Zapata a Anderson Clayton & Co. / _cRodolfo Stanvenhagen ... [et al.]. |
|
| 260 |
_aMéxico : _bNuestro Tiempo, _c1976 |
||
| 300 |
_a217 p. ; _c20 cm. |
||
| 440 | 4 | _aLos grandes problemas nacionales | |
| 500 | _a1 ejemplar | ||
| 504 | _aIncluye apéndice | ||
| 650 | 4 |
_aReforma agraria _xMéxico |
|
| 700 | 1 |
_aStavenhagen, Rodolfo, _ecoaut. |
|
| 942 |
_2lcc _cLIB |
||
| 999 |
_c66289 _d66289 |
||